000
00269nam a2200121Ia 4500
008
241002s9999 xx 000 0 und d
082
_a
808.84 LAW
100
_a
Lawrence, D.H
245
0
_a
Selected Essays
260
_a
N/A
_c
1960
600
_a
Literature
942
_c
UC
999
_c
18372
_d
18372